000 00309nam a22001217a 4500
082 _aCP-85
100 _aLt Col Dr Hamid Ashraf Yousafzai
_951523
245 _aSurveying I
_bCE-182 Course Pack
260 _aRisalpur,
_bMCE,
_c2018.
300 _aDifferent pages
526 _a0
_b0
_c0
_dCP_85
942 _2ddc
_cBK
999 _c554206
_d554206